[Event "Final 84 Campeonato Argentino"]
[Site "La Plata, ARG"]
[Date "2009.05.17"]
[Round "6"]
[White "Orsini, Antonio"]
[Black "Lafuente, Pablo"]
[Result "1/2-1/2"]
[WhiteElo "2352"]
[BlackElo "2517"]
[PlyCount "137"]
[EventDate "2009.??.??"]

1. e4 e5 2. Nf3 Nc6 3. Bb5 a6 4. Bxc6 dxc6 5. O-O Bd6 6. d4 exd4 7. Qxd4 f6 8.
Be3 Ne7 9. Nbd2 Be6 10. Qc3 Ng6 11. Nd4 Qe7 12. Nxe6 Qxe6 13. Qb3 Qxb3 14. axb3
O-O-O 15. Rfd1 Rhe8 16. f3 Re6 17. Kf2 Rde8 18. Re1 h5 19. g3 Ne5 20. h3 Bb4
21. Re2 g6 22. Rae1 c5 23. f4 Bxd2 24. Bxd2 Nc6 25. Bc3 Nd4 26. Bxd4 cxd4 27.
Kf3 c5 28. e5 f5 29. g4 hxg4+ 30. hxg4 fxg4+ 31. Kxg4 Rh8 32. f5 gxf5+ 33. Kxf5
Kd7 34. Rg1 Rf8+ 35. Ke4 Rxe5+ 36. Kxe5 Re8+ 37. Kd5 Rxe2 38. Rg7+ Kc8 39. Kd6
Kb8 40. Kxc5 Rxc2+ 41. Kxd4 Rxb2 42. Kc3 Rf2 43. Rh7 Ka7 44. Kb4 Rf4+ 45. Ka5
Rd4 46. Rg7 Rd3 47. Kb4 Rd6 48. Ka5 Rb6 49. Ka4 Rc6 50. Ka5 Rc5+ 51. Ka4 Kb6
52. Rg6+ Rc6 53. Rg7 Rd6 54. Rh7 Rd4+ 55. Ka3 Kc6 56. Rh6+ Kc5 57. Rh5+ Rd5 58.
Rh7 b6 59. Rc7+ Kb5 60. Rc8 a5 61. Rh8 Rd2 62. Rh5+ Kc6 63. Rh6+ Kc5 64. Rh5+
Rd5 65. Rxd5+ Kxd5 66. b4 a4 67. Kxa4 Kc4 68. b5 Kc5 69. Ka3 1/2-1/2

[Event "Final 84 Campeonato Argentino"]
[Site "La Plata, ARG"]
[Date "2009.05.17"]
[Round "6"]
[White "Claverie, Raul"]
[Black "Peralta, Fernando"]
[Result "1/2-1/2"]
[WhiteElo "2374"]
[BlackElo "2559"]
[PlyCount "102"]
[EventDate "2009.??.??"]

1. Nf3 Nf6 2. g3 g6 3. Bg2 Bg7 4. O-O O-O 5. d3 d6 6. e4 c5 7. e5 Ne8 8. exd6
Nxd6 9. Re1 Nc6 10. Nbd2 Rb8 11. Ng5 Qd7 12. Nde4 Nxe4 13. Nxe4 b6 14. Bf4 Ra8
15. Rb1 Bb7 16. Qd2 Rfe8 17. Bh6 Bh8 18. b3 Rad8 19. Qd1 Nd4 20. h4 Qc6 21.
Nf6+ Qxf6 22. Bxb7 Nb5 23. Bg5 Qd6 24. Bf4 Qd7 25. Qf3 Nd4 26. Qh1 Nxc2 27. Bc6
Qf5 28. Bxe8 Nxe1 29. Rxe1 Rxe8 30. Qc6 Rc8 31. Qb7 e5 32. Bg5 Qe6 33. Qxa7 Qc6
34. a4 Bg7 35. Qa6 h6 36. Bc1 Ra8 37. Qc4 Rd8 38. Qa6 Ra8 39. Qc4 Rd8 40. Qa6
Qd6 41. Be3 f5 42. a5 bxa5 43. Qxa5 Qxd3 44. Bxc5 f4 45. gxf4 exf4 46. Qc7 Rd7
47. Qb8+ Kh7 48. Qxf4 Qxb3 49. h5 Qc2 50. Qg4 Rf7 51. hxg6+ Qxg6 1/2-1/2

[Event "Final 84 Campeonato Argentino"]
[Site "La Plata, ARG"]
[Date "2009.05.17"]
[Round "6"]
[White "Alonso, Salvador"]
[Black "Mareco, Sandro"]
[Result "1/2-1/2"]
[WhiteElo "2489"]
[BlackElo "2512"]
[PlyCount "93"]
[EventDate "2009.??.??"]

1. e4 e5 2. Nf3 Nc6 3. Bb5 a6 4. Ba4 Nf6 5. O-O b5 6. Bb3 Bc5 7. c3 d6 8. d4
Bb6 9. a4 Rb8 10. axb5 axb5 11. Qd3 O-O 12. Bg5 exd4 13. cxd4 h6 14. Bh4 g5 15.
Bg3 Nh5 16. Nc3 Nxg3 17. fxg3 Ne5 18. Qd2 c6 19. Kh1 Nxf3 20. Rxf3 Bg4 21. Rff1
Kg7 22. Nd1 Be6 23. Bc2 f5 24. exf5 Qf6 25. Nc3 d5 26. Rad1 Bf7 27. Qf2 Rfe8
28. Rd2 Re7 29. Ne2 Rbe8 30. Nc1 Re3 31. Nb3 Bh5 32. Bd3 Rxd3 33. Rxd3 Re2 34.
Qg1 Rxb2 35. Rb1 Qxf5 36. Rxb2 Qxd3 37. Qb1 Qe3 38. Rd2 Bg6 39. Qd1 Be4 40. Re2
Qc3 41. Rf2 Kg6 42. g4 Kg7 43. Qf1 Bg6 44. Qe2 Be4 45. Qf1 Bg6 46. Qe2 Be4 47.
Qf1 1/2-1/2

[Event "Final 84 Campeonato Argentino"]
[Site "La Plata, ARG"]
[Date "2009.05.17"]
[Round "6"]
[White "Perez Ponsa, Federico"]
[Black "Slipak, Sergio"]
[Result "1/2-1/2"]
[WhiteElo "2389"]
[BlackElo "2446"]
[PlyCount "97"]
[EventDate "2009.??.??"]

1. e4 e5 2. Nf3 Nc6 3. Bb5 Nf6 4. O-O Nxe4 5. d4 Nd6 6. Bxc6 dxc6 7. dxe5 Nf5
8. Qxd8+ Kxd8 9. Nc3 Ke8 10. h3 h6 11. g4 Ne7 12. Kg2 Be6 13. Nd4 Rd8 14. Rd1
Bc4 15. b3 Bd5+ 16. Nxd5 cxd5 17. f4 Ng6 18. Nf3 h5 19. Kg3 hxg4 20. hxg4 Bc5
21. f5 Ne7 22. Bb2 Nc6 23. Rh1 Ke7 24. Rad1 d4 25. Rxh8 Rxh8 26. Nxd4 Nxd4 27.
Bxd4 Bxd4 28. Rxd4 Rh1 29. Rd2 b5 30. g5 g6 31. fxg6 fxg6 32. Rd5 a6 33. Rc5
Kd7 34. Kf3 Re1 35. a3 c6 36. Kf4 Re2 37. Rc3 Rf2+ 38. Ke4 Re2+ 39. Kd4 Rg2 40.
Rc5 Rd2+ 41. Kc3 Re2 42. Kb4 Kc7 43. Ka5 Kb7 44. a4 Re4 45. axb5 axb5 46. c4
bxc4 47. b4 c3 48. Rxc3 Rxe5+ 49. Rc5 1/2-1/2

[Event "Final 84 Campeonato Argentino"]
[Site "La Plata, ARG"]
[Date "2009.05.17"]
[Round "6"]
[White "Valerga, Diego"]
[Black "Flores, Diego"]
[Result "1/2-1/2"]
[WhiteElo "2523"]
[BlackElo "2585"]
[PlyCount "40"]
[EventDate "2009.??.??"]

1. d4 Nf6 2. c4 c5 3. d5 e5 4. Nc3 d6 5. e4 g6 6. Be2 Bg7 7. Nf3 O-O 8. Bg5 Na6
9. Nd2 Nc7 10. O-O h6 11. Bh4 Qe8 12. a3 Nh7 13. b4 b6 14. bxc5 bxc5 15. Qa4
Qxa4 16. Nxa4 Bd7 17. Nc3 Rfb8 18. Rfb1 Bf6 19. Bxf6 Nxf6 20. Rb3 Rxb3 1/2-1/2

[Event "Final 84 Campeonato Argentino"]
[Site "La Plata, ARG"]
[Date "2009.05.17"]
[Round "6"]
[White "Lujan, Carolina"]
[Black "Felgaer, Ruben"]
[Result "1/2-1/2"]
[WhiteElo "2360"]
[BlackElo "2564"]
[PlyCount "62"]
[EventDate "2009.??.??"]

1. e4 c5 2. Nf3 d6 3. d4 cxd4 4. Nxd4 Nf6 5. Nc3 a6 6. Be2 g6 7. O-O Bg7 8. a4
O-O 9. Be3 Nc6 10. f3 d5 11. exd5 Nxd5 12. Nxc6 bxc6 13. Bd4 Nxc3 14. bxc3 a5
15. Bxg7 Kxg7 16. Qd4+ Qxd4+ 17. cxd4 Rb8 18. Bd3 Rd8 19. Rfe1 Kf6 20. Re5 Rd5
21. Rae1 e6 22. Be4 Rb4 23. Bxd5 cxd5 24. c3 Rxa4 25. Rb1 Ra3 26. Ree1 Rxc3 27.
Rec1 Rxc1+ 28. Rxc1 Bd7 29. Rc7 Be8 30. f4 a4 31. Kf2 h5 1/2-1/2

[Event "Final 84 Campeonato Argentino"]
[Site "La Plata, ARG"]
[Date "2009.05.18"]
[Round "7"]
[White "Mareco, Sandro"]
[Black "Claverie, Raul"]
[Result "0-1"]
[WhiteElo "2512"]
[BlackElo "2374"]
[PlyCount "62"]
[EventDate "2009.??.??"]

1. d4 e6 2. c4 f5 3. g3 Nf6 4. Bg2 d5 5. Qc2 c6 6. Nh3 Be7 7. O-O O-O 8. Nd2
Bd7 9. Nf3 Ne4 10. Nf4 g5 11. Nd3 Be8 12. Nfe5 Nd7 13. Nxd7 Qxd7 14. c5 h6 15.
Be3 Qc7 16. f3 Nf6 17. b4 Nd7 18. Qd2 Bf6 19. Bf2 e5 20. e4 dxe4 21. fxe4 fxe4
22. Bxe4 Bf7 23. g4 Rae8 24. Bg3 Qd8 25. Qf2 exd4 26. Rae1 Rxe4 27. Rxe4 Bg6
28. Rxd4 Bxd4 29. Qxd4 Rxf1+ 30. Kxf1 Qf6+ 31. Qxf6 Bxd3+ 0-1

[Event "Final 84 Campeonato Argentino"]
[Site "La Plata, ARG"]
[Date "2009.05.18"]
[Round "7"]
[White "Peralta, Fernando"]
[Black "Orsini, Antonio"]
[Result "1/2-1/2"]
[WhiteElo "2559"]
[BlackElo "2352"]
[PlyCount "127"]
[EventDate "2009.??.??"]

1. d4 Nf6 2. c4 g6 3. Nc3 Bg7 4. e4 d6 5. Nf3 O-O 6. Be2 Na6 7. O-O e5 8. Be3
Ng4 9. Bg5 Qe8 10. Re1 exd4 11. Nd5 c6 12. Ne7+ Kh8 13. Nxc8 Rxc8 14. Nxd4 Nf6
15. Bf1 Qe5 16. f4 Qa5 17. Nb3 Qb6+ 18. Kh1 Qc7 19. Qf3 Nd7 20. Rad1 Rfe8 21.
Re2 Nb6 22. Red2 f6 23. Bh4 Qe7 24. Re1 Rcd8 25. a3 Kg8 26. Bd3 Qf7 27. Na5 Nc5
28. Bc2 Ne6 29. Bf2 c5 30. Bd3 Rd7 31. g3 Rde7 32. Rde2 Na4 33. Bc2 Nxb2 34.
Qb3 f5 35. e5 dxe5 36. Qxb2 exf4 37. Qb3 Nd4 38. Rxe7 Rxe7 39. Rxe7 Qxe7 40.
Qd3 b6 41. Nb3 Qb7+ 42. Kg1 Nf3+ 43. Kf1 Nxh2+ 44. Ke2 f3+ 45. Ke1 Ng4 46. Nd2
Nxf2 47. Kxf2 Bd4+ 48. Kf1 f2 49. Nf3 Qe7 50. Qe2 Be3 51. Qd3 Bd4 52. Qe2 Be3
53. Bd1 f4 54. gxf4 Qe4 55. Qc2 Qxf4 56. Qd3 Qh6 57. Qd8+ Kg7 58. Qe7+ Kg8 59.
Qe8+ Kg7 60. Qe7+ Kg8 61. Ke2 Qh1 62. Qe8+ Kg7 63. Qe7+ Kg8 64. Qe8+ 1/2-1/2

[Event "Final 84 Campeonato Argentino"]
[Site "La Plata, ARG"]
[Date "2009.05.18"]
[Round "7"]
[White "Lafuente, Pablo"]
[Black "Perez Ponsa, Federico"]
[Result "1-0"]
[WhiteElo "2517"]
[BlackElo "2389"]
[PlyCount "93"]
[EventDate "2009.??.??"]

1. d4 Nf6 2. c4 g6 3. Nf3 Bg7 4. g3 c5 5. Bg2 O-O 6. O-O Nc6 7. d5 Na5 8. Nbd2
b5 9. cxb5 Nxd5 10. Nb3 e6 11. Nxc5 Qb6 12. e4 Qxc5 13. exd5 Qxb5 14. dxe6 fxe6
15. Nd4 Bxd4 16. Qxd4 Nc6 17. Qd6 Rb8 18. b3 Rb6 19. Bb2 Qb4 20. Rfd1 Qxd6 21.
Rxd6 Kf7 22. Rad1 Ke8 23. Bc1 Ne7 24. Rxb6 axb6 25. a4 d5 26. Be3 b5 27. axb5
Kd7 28. Ra1 Bb7 29. Ra7 Kc7 30. Bc5 Re8 31. b6+ Kc8 32. b4 Nc6 33. Ra1 Kd7 34.
Re1 Ra8 35. Bh3 Re8 36. Re3 Nd8 37. Rf3 Bc6 38. Bd4 Bb7 39. b5 Re7 40. Rc3 Rf7
41. f4 h6 42. Be5 Ke8 43. Rc7 h5 44. Bd4 Rd7 45. Bf6 d4 46. Bf1 Nf7 47. Bd3 1-0

[Event "Final 84 Campeonato Argentino"]
[Site "La Plata, ARG"]
[Date "2009.05.18"]
[Round "7"]
[White "Slipak, Sergio"]
[Black "Lujan, Carolina"]
[Result "1/2-1/2"]
[WhiteElo "2446"]
[BlackElo "2360"]
[PlyCount "24"]
[EventDate "2009.??.??"]

1. Nf3 Nf6 2. b3 d5 3. Bb2 e6 4. e3 c5 5. d4 cxd4 6. exd4 Bb4+ 7. c3 Bd6 8. Bd3
Nc6 9. O-O O-O 10. Qe2 Qc7 11. Nbd2 Re8 12. c4 e5 1/2-1/2

[Event "Final 84 Campeonato Argentino"]
[Site "La Plata, ARG"]
[Date "2009.05.18"]
[Round "7"]
[White "Felgaer, Ruben"]
[Black "Valerga, Diego"]
[Result "1-0"]
[WhiteElo "2564"]
[BlackElo "2523"]
[PlyCount "105"]
[EventDate "2009.??.??"]

1. e4 c5 2. Nf3 e6 3. d4 cxd4 4. Nxd4 Nf6 5. Nc3 d6 6. g4 e5 7. Nf5 h5 8. Bg5
hxg4 9. Nd5 Bxf5 10. Bxf6 gxf6 11. exf5 Bh6 12. c3 Nd7 13. Qxg4 Nb6 14. Rd1
Nxd5 15. Rxd5 Qb6 16. b3 Rc8 17. Bc4 Rc5 18. Rxc5 Qxc5 19. Qf3 Qc7 20. h4 Ke7
21. Rg1 b5 22. Bd5 Qc8 23. Rg3 Rh7 24. b4 Bf4 25. Rg4 Qxf5 26. Be4 Qh5 27. Bxh7
Qxh7 28. Kf1 f5 29. Rg1 Qxh4 30. Rh1 Qg4 31. Qd5 e4 32. Rh7 Qg6 33. Rh8 Be5 34.
Qb7+ Kf6 35. Qc8 Qg4 36. Qd8+ Ke6 37. Re8+ Kd5 38. Qa8+ Kc4 39. Qc6+ Kd3 40.
Qxb5+ Kd2 41. Qd5+ Kc1 42. Rxe5 Qh3+ 43. Kg1 Qg4+ 44. Kf1 dxe5 45. Qxe5 Qd1+
46. Kg2 Qf3+ 47. Kg1 f4 48. c4 Kc2 49. Qf5 Kd2 50. Qc5 Ke2 51. Qd4 Qg4+ 52. Kh2
Kf3 53. Qd1+ 1-0

[Event "Final 84 Campeonato Argentino"]
[Site "La Plata, ARG"]
[Date "2009.05.18"]
[Round "7"]
[White "Flores, Diego"]
[Black "Alonso, Salvador"]
[Result "1/2-1/2"]
[WhiteElo "2585"]
[BlackElo "2489"]
[PlyCount "171"]
[EventDate "2009.??.??"]

1. c4 Nf6 2. Nc3 d5 3. cxd5 Nxd5 4. g3 g6 5. Bg2 Nxc3 6. bxc3 Bg7 7. Rb1 Nc6 8.
Nf3 O-O 9. O-O b6 10. Qc2 Bb7 11. d4 Na5 12. Rd1 c5 13. d5 Qd7 14. e4 e5 15.
Bf1 c4 16. Ba3 Rfe8 17. h4 Bf8 18. Bb4 Ba6 19. Kh2 Bb5 20. Bh3 Ba4 21. Qc1 Qd8
22. Re1 Qf6 23. Kg2 Nb7 24. Re2 Rad8 25. Bxf8 Rxf8 26. Qg5 Qxg5 27. hxg5 Rfe8
28. Nh2 Nd6 29. Ng4 Kg7 30. f3 Re7 31. Rh1 Nb5 32. Re3 Nd6 33. Kf2 Rh8 34. Ree1
Bd7 35. Nf6 Ba4 36. f4 h6 37. Bg2 Bc2 38. Ng4 exf4 39. gxh6+ Kf8 40. e5 fxg3+
41. Kxg3 Nf5+ 42. Kf4 Re8 43. d6 Rd8 44. Bc6 Bd3 45. Be4 Rc8 46. Rh3 Bxe4 47.
Rxe4 b5 48. Re1 b4 49. cxb4 c3 50. Rc1 Rc4+ 51. Kg5 Nd4 52. Rhxc3 Ne6+ 53. Kh4
Rxh6+ 54. Kg3 Rxc3+ 55. Rxc3 Rh1 56. Rc8+ Kg7 57. Ne3 Rh5 58. d7 Rxe5 59. Kf2
Re4 60. Nd5 Rd4 61. d8=Q Nxd8 62. Rxd8 Rd2+ 63. Ke3 Rxa2 64. Rd7 g5 65. Ke4 Kg6
66. Rd6+ Kh5 67. Rf6 Re2+ 68. Kd3 Ra2 69. Rxf7 g4 70. Rg7 Kh4 71. Ne3 a5 72. b5
Ra3+ 73. Ke4 Rb3 74. Nf5+ Kh3 75. Rh7+ Kg2 76. Nd4 Rb4 77. Ra7 g3 78. Rxa5 Kf2
79. Ra8 g2 80. Rf8+ Kg3 81. Rg8+ Kf2 82. Rf8+ Kg3 83. Rg8+ Kf2 84. Kd3 g1=Q 85.
Rf8+ Kg2 86. Rg8+ 1/2-1/2

[Event "Final 84 Campeonato Argentino"]
[Site "La Plata, ARG"]
[Date "2009.05.19"]
[Round "8"]
[White "Orsini, Antonio"]
[Black "Mareco, Sandro"]
[Result "0-1"]
[WhiteElo "2352"]
[BlackElo "2512"]
[PlyCount "142"]
[EventDate "2009.??.??"]

1. e4 c6 2. d4 d5 3. e5 Bf5 4. Nc3 e6 5. g4 Bg6 6. Nge2 h5 7. Nf4 Ne7 8. Nxg6
Nxg6 9. gxh5 Ne7 10. Bg5 Qb6 11. Na4 Qc7 12. Bd3 Nd7 13. Qf3 c5 14. Nxc5 Nxc5
15. dxc5 Qxe5+ 16. Qe3 Qxe3+ 17. Bxe3 Nc6 18. c3 Rxh5 19. b4 O-O-O 20. Be2 Rh3
21. O-O-O g6 22. b5 Ne5 23. Kc2 Rxe3 24. fxe3 Bxc5 25. Kd2 Rh8 26. h4 f5 27.
Rh2 g5 28. h5 Rh6 29. Rf1 Kd7 30. a4 Ke7 31. Rhh1 g4 32. a5 Kf6 33. b6 a6 34.
Rb1 Nc6 35. c4 d4 36. e4 fxe4 37. Rbf1+ Ke7 38. Rf4 g3 39. Rg4 Nxa5 40. Rxg3 d3
41. Bxd3 exd3 42. Kxd3 Bxb6 43. Rg7+ Kf8 44. Rg5 Nb3 45. Rf1+ Ke7 46. Rg7+ Kd6
47. Rh1 Nc5+ 48. Ke3 Nd7+ 49. Kf4 e5+ 50. Kf5 Rf6+ 51. Kg4 Be3 52. Rd1+ Bd4 53.
Kg5 Rf2 54. h6 Ke6 55. h7 Rg2+ 56. Kh4 Rh2+ 57. Kg3 Rh6 58. Kg2 Nf6 59. Rh1 Nh5
60. Rg4 Rxh7 61. Rgh4 Rg7+ 62. Kf3 Rg3+ 63. Ke2 Nf4+ 64. Kd2 Rg2+ 65. Kc1 Kd6
66. R4h2 Rxh2 67. Rxh2 Kc5 68. Rh7 b6 69. Rc7+ Kb4 70. Kc2 a5 71. Kb1 Nd3 0-1

[Event "Final 84 Campeonato Argentino"]
[Site "La Plata, ARG"]
[Date "2009.05.19"]
[Round "8"]
[White "Lujan, Carolina"]
[Black "Lafuente, Pablo"]
[Result "0-1"]
[WhiteElo "2360"]
[BlackElo "2517"]
[PlyCount "52"]
[EventDate "2009.??.??"]

1. e4 e5 2. Nf3 Nc6 3. Bc4 Bc5 4. O-O Nf6 5. d4 Nxd4 6. Nxe5 Ne6 7. Nc3 d6 8.
Nd3 Bb6 9. Nf4 O-O 10. Nfd5 Nxd5 11. Nxd5 Qh4 12. Nxb6 axb6 13. f4 Nc5 14. f5
Qxe4 15. Bd5 Qe5 16. f6 Be6 17. fxg7 Rfe8 18. Bxe6 Rxe6 19. Qf3 Qxg7 20. b4 Ne4
21. Rb1 Rxa2 22. Rb2 Ra1 23. c3 Rf6 24. Qxe4 Rxf1+ 25. Kxf1 Rxc1+ 26. Ke2 Qxc3
0-1

[Event "Final 84 Campeonato Argentino"]
[Site "La Plata, ARG"]
[Date "2009.05.19"]
[Round "8"]
[White "Valerga, Diego"]
[Black "Slipak, Sergio"]
[Result "1-0"]
[WhiteElo "2523"]
[BlackElo "2446"]
[PlyCount "91"]
[EventDate "2009.??.??"]

1. e4 e5 2. f4 d5 3. exd5 c6 4. Nc3 exf4 5. Nf3 Bd6 6. d4 Ne7 7. dxc6 Nbxc6 8.
Ne4 O-O 9. c3 Nd5 10. Bc4 Ne3 11. Bxe3 fxe3 12. O-O Bf5 13. Nxd6 Qxd6 14. Nh4
Be6 15. Nf5 Bxf5 16. Rxf5 Rae8 17. Qd3 Re7 18. Re1 Rfe8 19. Rf3 Qh6 20. Rh3 Qg6
21. Qxg6 hxg6 22. d5 Ne5 23. d6 Nxc4 24. dxe7 Rxe7 25. b3 Ne5 26. Rhxe3 f6 27.
Rd1 Kf7 28. c4 g5 29. h3 Ke6 30. Kf2 Kf5 31. Kg3 Rc7 32. Rd6 Rf7 33. Re2 Rc7
34. Rd5 Ke6 35. Kf2 Kf5 36. Ke3 g4 37. h4 Rc8 38. g3 g5 39. Rf2+ Kg6 40. hxg5
Kxg5 41. Ke4 Rh8 42. Rf5+ Kg6 43. Rd6 Nf3 44. Rdxf6+ Kg7 45. Rf7+ Kg6 46. Kf4
1-0

[Event "Final 84 Campeonato Argentino"]
[Site "La Plata, ARG"]
[Date "2009.05.19"]
[Round "8"]
[White "Alonso, Salvador"]
[Black "Claverie, Raul"]
[Result "1-0"]
[WhiteElo "2489"]
[BlackElo "2374"]
[PlyCount "69"]
[EventDate "2009.??.??"]

1. e4 e6 2. d4 d5 3. Nc3 Bb4 4. e5 b6 5. a3 Bf8 6. h4 Qd7 7. h5 h6 8. f4 Ba6 9.
Bxa6 Nxa6 10. Qd3 Nb8 11. Nf3 Nc6 12. Bd2 Na5 13. Nd1 Nc4 14. Bc3 c5 15. a4 Rc8
16. b3 cxd4 17. Nxd4 Na5 18. f5 exf5 19. Ne3 f4 20. Nef5 Nb7 21. O-O-O Nc5 22.
Qf3 Ne4 23. Bb2 Ne7 24. Nd6+ Nxd6 25. exd6 Qxd6 26. Rhe1 Kd8 27. Nb5 Qc6 28.
Re2 Rc7 29. Nxc7 Qxc7 30. Rxd5+ Nxd5 31. Qxd5+ Qd6 32. Qa8+ Kd7 33. Qe8+ Kc7
34. Be5 Qxe5 35. Qxe5+ 1-0

[Event "Final 84 Campeonato Argentino"]
[Site "La Plata, ARG"]
[Date "2009.05.19"]
[Round "8"]
[White "Perez Ponsa, Federico"]
[Black "Peralta, Fernando"]
[Result "0-1"]
[WhiteElo "2389"]
[BlackElo "2559"]
[PlyCount "138"]
[EventDate "2009.??.??"]

1. e4 d6 2. d4 Nf6 3. Nc3 g6 4. Bg5 c6 5. Qd2 b5 6. Bd3 Bg7 7. f4 O-O 8. Nf3
Bg4 9. O-O Qb6 10. Ne2 e5 11. fxe5 dxe5 12. Be3 Bxf3 13. gxf3 exd4 14. Nxd4 Ng4
15. fxg4 Bxd4 16. Rae1 Nd7 17. Qf2 Bxe3 18. Rxe3 Ne5 19. Rg3 Rfd8 20. Qxb6 axb6
21. a3 Rd4 22. Kf2 b4 23. axb4 Rxb4 24. b3 Nxd3+ 25. Rxd3 Rxe4 26. Kg3 Rae8 27.
Rff3 Kg7 28. Rd7 R8e7 29. Rd6 R4e6 30. Rdd3 Re2 31. Rf2 g5 32. Kf3 R2e6 33. Kg2
Re3 34. Rdd2 Rc3 35. Rf3 Rce3 36. Kf2 R3e4 37. Kg3 Re2 38. Rxe2 Rxe2 39. Rc3 c5
40. Rc4 Kg6 41. h4 h6 42. Kf3 Re5 43. hxg5 hxg5 44. b4 Kf6 45. bxc5 Rxc5 46.
Rb4 b5 47. Ke4 Ke6 48. Kd4 Rd5+ 49. Ke4 Rc5 50. Kd4 Rd5+ 51. Ke4 f5+ 52. gxf5+
Rxf5 53. Ke3 Kf6 54. c4 bxc4 55. Rxc4 Kg6 56. Ke2 Kh5 57. Rc1 Kh4 58. Rh1+ Kg3
59. Rh8 g4 60. Rg8 Kh3 61. Rh8+ Kg2 62. Rg8 Re5+ 63. Kd2 g3 64. Kd3 Kf2 65.
Rf8+ Kg1 66. Kd4 Re1 67. Rg8 g2 68. Kd3 Re5 69. Kd4 Rh5 0-1

[Event "Final 84 Campeonato Argentino"]
[Site "La Plata, ARG"]
[Date "2009.05.19"]
[Round "8"]
[White "Flores, Diego"]
[Black "Felgaer, Ruben"]
[Result "1/2-1/2"]
[WhiteElo "2585"]
[BlackElo "2564"]
[PlyCount "52"]
[EventDate "2009.??.??"]

1. c4 c5 2. g3 Nc6 3. Bg2 g6 4. Nc3 Bg7 5. e3 Bxc3 6. dxc3 b6 7. h4 Nf6 8. e4
Bb7 9. e5 Nh5 10. g4 Ng7 11. Bh6 Ne6 12. Qe2 Qc7 13. O-O-O O-O-O 14. f4 g5 15.
Nh3 gxf4 16. Nxf4 Nxf4 17. Bxf4 f6 18. Bxc6 Qxc6 19. Rhe1 Rhf8 20. exf6 Rxf6
21. Bg5 Re6 22. Qd2 Re8 23. Qf2 Rxe1 24. Rxe1 Qf3 25. Qxf3 Bxf3 26. Rxe7 Rxe7
1/2-1/2

[Event "Final 84 Campeonato Argentino"]
[Site "La Plata, ARG"]
[Date "2009.05.20"]
[Round "9"]
[White "Lafuente, Pablo"]
[Black "Valerga, Diego"]
[Result "1/2-1/2"]
[WhiteElo "2517"]
[BlackElo "2523"]
[PlyCount "80"]
[EventDate "2009.??.??"]

1. Nf3 Nf6 2. c4 g6 3. Nc3 d5 4. cxd5 Nxd5 5. Qa4+ Nc6 6. Ne5 Ndb4 7. g3 Bg7 8.
Nxc6 Nxc6 9. Bg2 Bd7 10. Qh4 Nd4 11. O-O Bc6 12. Bxc6+ Nxc6 13. d3 Nd4 14. Bh6
Bxh6 15. Qxh6 Nf5 16. Qf4 O-O 17. b4 c6 18. Rab1 Rc8 19. Rfd1 Nd4 20. Kg2 e5
21. Qxe5 Re8 22. Qc5 b6 23. Qc4 Nxe2 24. Nxe2 Rxe2 25. Re1 Rd2 26. Rbd1 Rb2 27.
Rb1 b5 28. Qc3 Qd5+ 29. Kg1 Rxb1 30. Rxb1 Re8 31. Rc1 Re6 32. Qa3 Qd4 33. Qc3
Qd5 34. Qa3 h5 35. h4 Qd4 36. Qc3 Qd7 37. Rd1 Re2 38. Rc1 Qf5 39. Qd4 Qe6 40.
Qxa7 Rxa2 1/2-1/2

[Event "Final 84 Campeonato Argentino"]
[Site "La Plata, ARG"]
[Date "2009.05.20"]
[Round "9"]
[White "Mareco, Sandro"]
[Black "Perez Ponsa, Federico"]
[Result "1-0"]
[WhiteElo "2512"]
[BlackElo "2389"]
[PlyCount "103"]
[EventDate "2009.??.??"]

1. d4 Nf6 2. c4 g6 3. Nc3 Bg7 4. e4 d6 5. Nf3 O-O 6. Be2 e5 7. Be3 Na6 8. O-O
Ng4 9. Bg5 Qe8 10. Re1 c6 11. d5 f6 12. Bh4 c5 13. Nd2 h5 14. a3 Qd7 15. Nb5
Nh6 16. Bg3 f5 17. exf5 Nxf5 18. Bd3 Nc7 19. Nc3 h4 20. Bxf5 gxf5 21. Bxh4 Bh6
22. b4 b6 23. bxc5 bxc5 24. Nb3 a5 25. Qh5 Qg7 26. Be7 Qxe7 27. Qxh6 Ne8 28. f4
e4 29. Re3 Rf6 30. Qg5+ Ng7 31. Rh3 Bd7 32. Rb1 Rb8 33. Rh6 Kf7 34. Rxf6+ Qxf6
35. Qxf6+ Kxf6 36. Nxa5 Ra8 37. Nc6 Rxa3 38. Nb5 Rd3 39. Nxd6 Bxc6 40. dxc6 Ne6
41. Nb5 Rd8 42. g3 Ra8 43. Rd1 Nd4 44. Nxd4 cxd4 45. Rxd4 Ke6 46. c5 Ke7 47.
Rd5 Ke6 48. Rd6+ Ke7 49. Kf2 Ra2+ 50. Ke3 Rxh2 51. c7 Rh8 52. Rd8 1-0

[Event "Final 84 Campeonato Argentino"]
[Site "La Plata, ARG"]
[Date "2009.05.20"]
[Round "9"]
[White "Slipak, Sergio"]
[Black "Flores, Diego"]
[Result "1-0"]
[WhiteElo "2446"]
[BlackElo "2585"]
[PlyCount "73"]
[EventDate "2009.??.??"]

1. d4 g6 2. g3 Bg7 3. Bg2 c5 4. e3 Nf6 5. Ne2 d5 6. O-O O-O 7. Nbc3 cxd4 8.
exd4 Bg4 9. h3 Bxe2 10. Nxe2 Nc6 11. c3 e6 12. Be3 Nd7 13. Qd2 b5 14. Nf4 Nb6
15. b3 a5 16. Rfd1 Rc8 17. Rac1 Qe7 18. Qe2 Na7 19. Nd3 Rfe8 20. h4 b4 21. cxb4
axb4 22. Nc5 Nd7 23. Qa6 Nb8 24. Qa4 Nac6 25. Bf1 Rc7 26. Na6 Nxa6 27. Bxa6 Qd6
28. Bb5 Rec8 29. Qa6 e5 30. Bxc6 exd4 31. Bd2 Qe6 32. Re1 Qf6 33. Bb7 Rxc1 34.
Rxc1 Rxc1+ 35. Bxc1 Qf3 36. Qa8+ Bf8 37. Bh6 1-0

[Event "Final 84 Campeonato Argentino"]
[Site "La Plata, ARG"]
[Date "2009.05.20"]
[Round "9"]
[White "Claverie, Raul"]
[Black "Orsini, Antonio"]
[Result "0-1"]
[WhiteElo "2374"]
[BlackElo "2352"]
[PlyCount "74"]
[EventDate "2009.??.??"]

1. e4 e6 2. d4 c5 3. c3 Nf6 4. Nd2 d5 5. e5 Nfd7 6. Bd3 Nc6 7. Ne2 cxd4 8. cxd4
f6 9. exf6 Qxf6 10. Nf3 Bd6 11. O-O h6 12. Ng3 O-O 13. Bb1 Rf7 14. Qd3 Nf8 15.
a3 Rc7 16. Re1 Bd7 17. Nh5 Qf7 18. Ng3 Rac8 19. Bd2 Be8 20. Nf1 Qf6 21. Ne3 Bh5
22. Nc2 Ng6 23. Ne3 Kf7 24. Bc3 Nf4 25. Qh7 Bxf3 26. gxf3 Qg5+ 27. Ng4 Qh5 28.
Bd3 Qh3 29. Bf1 Qxf3 30. Re3 Qxg4+ 31. Rg3 Qf5 32. Rxg7+ Ke8 33. Rg8+ Bf8 34.
Qxh6 Ne7 35. Bb5+ Rc6 36. Rh8 Kd7 37. Rh7 Bxh6 0-1

[Event "Final 84 Campeonato Argentino"]
[Site "La Plata, ARG"]
[Date "2009.05.21"]
[Round "10"]
[White "Alonso, Salvador"]
[Black "Orsini, Antonio"]
[Result "1/2-1/2"]
[WhiteElo "2489"]
[BlackElo "2352"]
[PlyCount "79"]
[EventDate "2009.??.??"]

1. e4 e6 2. d4 d5 3. Nc3 Nf6 4. e5 Nfd7 5. f4 c5 6. Nf3 Nc6 7. Be3 cxd4 8. Nxd4
Bc5 9. Qd2 O-O 10. O-O-O a6 11. Kb1 Nxd4 12. Bxd4 b5 13. Qe3 Qc7 14. Bd3 Bxd4
15. Qxd4 Bb7 16. h4 Rab8 17. h5 Bc6 18. h6 g6 19. Ne2 b4 20. Rc1 Bb5 21. Bxb5
Rxb5 22. c4 dxc4 23. Rxc4 Qb7 24. Rhc1 Nb6 25. Rxb4 Rxb4 26. Qxb4 Qxg2 27. Nc3
Nd5 28. Nxd5 Qxd5 29. a4 Qf3 30. Ka2 a5 31. Qd4 Qh5 32. Rc5 Qxh6 33. Rxa5 Qh1
34. Rb5 h5 35. Rb4 Rc8 36. Rc4 Rxc4 37. Qxc4 h4 38. a5 Qa8 39. a6 h3 40. Qe2
1/2-1/2

[Event "Final 84 Campeonato Argentino"]
[Site "La Plata, ARG"]
[Date "2009.05.21"]
[Round "10"]
[White "Valerga, Diego"]
[Black "Peralta, Fernando"]
[Result "0-1"]
[WhiteElo "2523"]
[BlackElo "2559"]
[PlyCount "88"]
[EventDate "2009.??.??"]

1. d4 d5 2. c4 e6 3. Nc3 Bb4 4. Nf3 Nf6 5. cxd5 exd5 6. Bg5 Nbd7 7. e3 c5 8.
Bd3 Qa5 9. Qc2 O-O 10. O-O c4 11. Bf5 Re8 12. Nd2 g6 13. Bxd7 Nxd7 14. a3 Bxc3
15. bxc3 Nb6 16. f3 Bd7 17. h4 Ba4 18. Qc1 Bc6 19. Rb1 Re6 20. Re1 Rae8 21. Nf1
Na4 22. Rb4 Qc7 23. Re2 b5 24. g4 Kg7 25. Rg2 f6 26. Bf4 Qe7 27. g5 fxg5 28.
Bxg5 Qf7 29. Bf4 a5 30. Rb1 Kh8 31. Ng3 Qf6 32. Rh2 h5 33. e4 dxe4 34. fxe4
Bxe4 35. Rxb5 Kh7 36. Be5 Rxe5 37. Rxe5 Rxe5 38. dxe5 Qxe5 39. Qe3 Nxc3 40. Rc2
Nd5 41. Qxe4 Qxg3+ 42. Rg2 Qd6 43. Qxc4 Ne3 44. Qf7+ Kh6 {Tiempo} 0-1